000 00525nam a2200217Ia 4500
003 OSt
005 20220928144150.0
006 a|||||r|||| 00| 0
007 ta
008 220927b |||||||| |||| 00| 0 eng d
024 _a60754
037 _cTextual
040 _aSDCL
_cSDCL
_beng
041 _2eng
_aeng
082 _aO157,3M61x, P0
100 _aTagore
_9507250
245 0 _aSelected short stories.
260 _c2000
942 _hO157,3M61x, P0
_cTEXL
_2CC
999 _c826588
_d826588